| 000 | 00936nam a2200241Ia 4500 | ||
|---|---|---|---|
| 003 | GCL | ||
| 008 | 140319s9999 xx 000 0 ara d | ||
| 040 |
_aGCL / _cGCL |
||
| 082 | 0 | 4 |
_a191 _bع م |
| 100 | 1 | _aعبدالرحمن محمد عيسوى | |
| 245 | 1 | 0 |
_aمناهج البحث العلمى : _bفى الفكر الاسلامى و الفكر الحديث / _cعبدالرحمن محمد عيسوى |
| 700 | 1 | _aعبدالفتاح محمد العيسوى | |
| 250 | _aالاولى | ||
| 260 |
_aبيروت : _bدار الراتب الجامعية ، _c1997 |
||
| 300 |
_a366 ص ؛ _c24 سم |
||
| 490 |
_aسلسلة دراسات فى التراث الاسلامى _v0 |
||
| 650 | 0 | 4 | _aمناهج البحث |
| 650 | 0 | 4 | _aالفلسفة الحديثة |
| 650 | 0 | 4 | _aالمنهج الفلسفى |
| 650 | 0 | 4 | _aالفلسفة الاسلامية - طرق البحث |
| 650 | 0 | 4 | _aالفلسفة - مذاهب |
| 942 |
_2ddc _cBK |
||
| 999 |
_c2890 _d2890 |
||